000 01169nabaa22001937a 4500
999 _c6286
_d6286
003 OSt
005 20260129001448.0
008 190701b xxu||||| |||| 00| 0 spa d
040 _cPJ
100 _94410
_aSalgan Ruiz, Leandro G.
245 1 0 _aImpacto de la ley 27.742 en el derecho administrativo disciplinario /
_cLeandro Salgan Ruiz.
300 _ap. 37-57
500 _aCita: TR LALEY AR/DOC/447/2025
505 _aSumario: I. Planteo del tema.— II. Aplicación supletoria de la LNPA al sistema disciplinario.— III. Los principios generales en el procedimiento disciplinario.— IV. Los principios fundamentales en el procedimiento disciplinario.— V. Diseño del acto conclusivo del sumario administrativo.— VI. Impugnación administrativa de la sanción disciplinaria.— VII. Impugnación judicial de la sanción disciplinaria.— VIII. Reflexiones finales.
505 _t¿Te interesa el texto completo? Comunicate al correo: koha@justierradelfuego.gov.ar
650 0 _9211
_aDERECHO ADMINISTRATIVO
773 0 _02842
_93251
_dBuenos Aires : AbeledoPerrot, 2012-
_oDA121
_tDerecho administrativo. Nº 158 marzo/abril 2025
_z18510590
942 _2udc
_cANA